| 000 | 02139nam a2200181Ia 4500 | ||
|---|---|---|---|
| 999 |
_c7978 _d7978 |
||
| 005 | 20250630081720.0 | ||
| 008 | 230427s9999 xx 000 0 und d | ||
| 040 |
_aUPAN _cBiblioteca San Vicente _eRCAA2 |
||
| 041 | _aspa | ||
| 082 |
_a341.481 _bE49n _c2000 |
||
| 110 | _aComisión Nacional de Derechos Humanos | ||
| 245 | 0 |
_aNormas básicas sobre derecho internacional humanitario./ _bComisión Nacional de Derechos Humanos |
|
| 260 |
_aEl Salvador: _bCriterio, _c2000 |
||
| 300 |
_a450 p.: _c28 cm. |
||
| 505 | _aPrimera parte 1. Convenio de Ginebra del 12 de agosto de 1949 para aliviar la suerte que corren los heridos y los enfermos de las fuerzas armadas en campaña (Convenio I) 2. Convenio de Ginebra 1. Convenio de Ginebra del 12 de agosto de 1949 para aliviar la suerte que corren los heridos , los enfermos y los nàufragos de las fuerzas armadas en el mar (Convenio II) 3. Convenio de Ginebra del 12 de agosto de 1949 relativo al trato debido a los prisioneros de guerra (Convenio III) 4. Convenio de Ginebra del 12 de agosto de 1949 relativo a la protecciòn debida a las personas civiles en tiempo de guerra (Convenio IV) 5. Protocolo de 1977 adicional a los 4 Convenios de Ginebra de 12 de agosto de 1949 relativo a la protecciòn de las vìctimas de los conflictos armados internacionales (Protocolo I) 6. Protocolo de 1977 adicional a los 4 Convenios de Ginebra de 12 de agosto de 1949 relativo a la protecciòn de las vìctimas de los conflictos armados sin caràcter internacional (Protocolo II) Segunda parte 1. Convenciòn para la Prevenciòn y la Sanciòn del Delito de Genocidio 2. Convenios sobre la Imprescriptibilidad de los Crimenes de Guerra y de los Crìmenes de Lesa Humanidad 3. Convenciòn sobre los Derechos del NIño 4. Estatuto de la Corte Penal Internacional 5. Principios de cooperaciòn Internacional en la Identificaciòn, Detenciòn, Extradicciòn y Castigo de los culpables de crìmenes de guerra o de crìmenes de Lesa Humanidad 6. Declaraciòn sobre la Protecciòn de la Mujer y el Niño en estados de emergencia o de Conflicto Armado | ||
| 650 |
_2LEMB _aDerecho |
||
| 942 |
_cBK _2ddc |
||